| 000 | 01197nam a2200301 a 4500 | ||
|---|---|---|---|
| 001 | 1600 | ||
| 003 | BD-RjUL | ||
| 005 | 20211208233352.0 | ||
| 008 | 150401s1994 iaua b 001 0 eng | ||
| 020 | _a0697246752 | ||
| 035 | _a(BD-RjUL) | ||
| 040 |
_aDLC _cDLC _beng |
||
| 041 | _aeng | ||
| 082 | 0 | 0 |
_a550 _220 |
| 100 | 1 |
_aMcGeary, David. _9116491 |
|
| 245 | 1 | 0 |
_aPhysical geology : _bearth revealed / _cDavid McGeary, Charles C. Plummer. |
| 250 | _a2nd ed. | ||
| 260 |
_aDubuque, Iowa : _bWm. C. Brown Publishers, _cc1994. |
||
| 300 |
_axiv, 540 p. : _bill. (some col.) ; _c28 cm. |
||
| 500 | _a"This book contains the same text and illustrations as the sixth edition of Physical geology by Plummer and McGeary. The chapter order has been changed to correspond to the order of topics in 'Earth revealed', a televised physical geology course produced by the Southern California Consortium"--Pref. | ||
| 504 | _aIncludes bibliographical references and index. | ||
| 650 | 0 |
_aPhysical geology. _9116492 |
|
| 700 | 1 |
_aPlummer, Charles C., _d1937- _9116493 |
|
| 730 | 0 |
_aEarth revealed (Television program) _9116494 |
|
| 942 |
_2ddc _cBK |
||
| 999 |
_c1600 _d1600 |
||